[Event "IECC M email"]
[Site "IECC email"]
[Date "1999.01.15"]
[Round "?"]
[White "Lecrivain, Jean Paul"]
[Black "Pechie, Joe"]
[Result "0-1"]
[WhiteElo "984"]
[BlackElo "981"]
[PlyCount "86"]
[EventDate "1999.??.??"]
[EventType "tourn (corr)"]
[EventRounds "6"]
[SourceTitle "Corr 2008"]
[Source "ChessBase"]
[SourceDate "2008.06.24"]
[SourceVersion "1"]
[SourceVersionDate "2008.06.24"]
[SourceQuality "1"]

1. e4 e5 2. Bc4 c5 3. Nc3 Nf6 4. Nd5 Nxe4 5. Nf3 d6 6. d3 Nf6 7. Be3 Be6 8. Nxf6+ Qxf6 9. 0-0 d5 10. Bg5 Qg6 11. Bb5+ Nc6 12. c4 d4 13. Qd2 h6 14. Bh4 Bd6 15. h3 0-0 16. Bg3 Nb4 17. Nh4 Qxd3 18. Qxd3 Nxd3 19. Ba4 Nxb2 20. Bb3 Nxc4 21. Rac1 Nd2 22. Rfe1 Nxb3 23. axb3 Bxb3 24. Nf5 d3 25. Rc3 d2 26. Rf1 c4 27. Nxd6 Rfd8 28. Bxe5 Rd7 29. Nxc4 d1Q 30. Rxd1 Rxd1+ 31. Kh2 Bxc4 32. Rxc4 Rad8 33. Rc7 R8d7 34. Rc8+ Rd8 35. Rc3 b5 36. Bc7 Rc8 37. Ba5 Rxc3 38. Bxc3 Rb1 39. Kg3 b4 40. Bd4 a6 41. Kf3 b3 42. Bc3 Rc1 43. Bb2 Rc2 0-1